Výzkum dynamiky těžních lan na dolech OKR

Bibliographic Details
Main Author: Šebela, Zdeněk (Author)
Format: Article
Language:Czech
PhysicalDescription:Grafy 2., lit. 7 zázn. v češ.
Subjects:

MARC

LEADER 00000nab a2200000 a 4500
001 vtls000390273
003 SK-MaSNL
005 20260302232556.0
008 160204c1989 xo 0 cze
015 |a SNBRA19rr/mm-uuuuu 
035 |a CL0390397 
040 |a SNKBUCL  |b slo  |c SNKBUCL  |e AACR2 
041 0 |a cze 
044 |a xo  |c SK 
080 |a 622.673:531.391  |2 1981 
080 |a 531.391  |2 1981 
080 |a 677.72  |2 1981 
080 |a 669.14-427  |2 1981 
100 1 |a Šebela, Zdeněk  |4 aut  |9 964904 
245 1 0 |a Výzkum dynamiky těžních lan na dolech OKR  |c Zdeněk Šebela 
300 |b Grafy 2., lit. 7 zázn. v češ. 
650 0 7 |a laná oceľové ťažné  |2 snkbucl  |9 964887 
655 7 |a články zo zborníkov  |2 snkbucl  |9 166140 
773 0 |t Výskum, výroba a použitie oceľových lán  |d Košice : Dom techniky ČSVTS, 1989  |g S. 113-122 
850 |a Slovenská národná knižnica v Martine  |a MTA001 
852 |a SNK  |b KIS3GCP 
958 |a NB 
958 |a RK 
958 |a CZ 
992 |a RZB 
999 |c 1543549  |d 1545479